| 000 | 01505nam a2200241 i 4500 | ||
|---|---|---|---|
| 003 | DO-SdBNP | ||
| 005 | 20251014132057.0 | ||
| 008 | 210809b2014 dr ac||| |||| 00| 0 spa d | ||
| 040 |
_aDO-SdBNP _bspa _cBNPHU _erda |
||
| 041 | _aspa | ||
| 082 | 4 |
_axxx _bxxx _222 |
|
| 100 | 1 |
_aDitrén, Maria Elena, _eautor _4aut. _979430 |
|
| 245 | 1 | 0 |
_aRosa Tavárez : _b"territorios de la pasión y la memoria" ; "1963 retrospectiva 2013" / _cMaria Elena Ditrén. |
| 264 | 1 |
_aSanto Domingo : _bMuseo de Arte Moderno, _c2014. |
|
| 300 |
_a332 páginas : _bilustraciones ; _c27 cm. |
||
| 336 |
_atexto _btxt _2rdacontent |
||
| 337 |
_asin mediación _bn _2rdamedia |
||
| 338 |
_avolumen _bnc _2rdacarrier |
||
| 500 | _aEn español con traducción al inglés. | ||
| 505 | 0 |
_aIntroducción / _rMaria Elena Ditrén -- _tRosa Tavárez: territorios de la pasión y la memoria: 1963-retrospectiva-2013 / _rAmable López Meléndez -- _tRosa Tavárez, desde el imaginario de la alegría rural, hasta la obra concebida: testimonios para tiempos futuros / _rCarlos Francisco Elías -- _tRosa Tavárez:y la eterna persistencia / _r Carlos Santos -- _tMas allá del silencio y del olvido. Rosa Tavárez: un elocuente testimonio de cinco (5) décadas multi-disciplinarias / _rDionis Figueroa -- _tObras tempranas -- _tGrabasista -- _tSingularidad, serialidad y serigrafía -- _tSu pintura -- _tPasado, mitología e historia -- _tCurriculum -- _tTraducciones = Translations. |
|
| 590 | _aInventariado, 2021 /LP | ||
| 942 |
_2ddc _cLBS1 |
||
| 999 |
_c50197 _d50197 |
||